London office market analysis (Record no. 78694)
[ view plain ]
| 000 -LEADER | |
|---|---|
| fixed length control field | 01029cam a22002055a 4500 |
| 001 - CONTROL NUMBER | |
| control field | L137713 |
| 008 - FIXED-LENGTH DATA ELEMENTS--GENERAL INFORMATION | |
| fixed length control field | 070425s2007 xxk f 000 0 eng d |
| 035 ## - SYSTEM CONTROL NUMBER | |
| System control number | (Sirsi) u137713 |
| 041 0# - LANGUAGE CODE | |
| Language code of text/sound track or separate title | eng |
| 245 00 - TITLE STATEMENT | |
| Title | London office market analysis |
| Remainder of title | issue 1 Jan-Mar 2007 |
| 260 ## - PUBLICATION, DISTRIBUTION, ETC. | |
| Date of publication, distribution, etc. | 2007 |
| 490 #0 - SERIES STATEMENT | |
| Series statement | Estates Gazette |
| Volume/sequential designation | (0716) 21 April 2007, 1-17(18) |
| 490 #0 - SERIES STATEMENT | |
| Series statement | London Office Market Analysis |
| -- | issue 1 Jan-Mar 2007 |
| 520 ## - SUMMARY, ETC. | |
| Summary, etc. | Discusses take up, supply, availability rates, asking rents and construction trends for various locations within London. Reports that take up in London was less than expected, although overall performance was better than in the first quarter of 2006. Tables show top London occupiers, the central London agents? market share league, agents market share by market, key transactions and summary statistics. |
| 590 ## - LOCAL NOTE (RLIN) | |
| Local note | KA |
| 650 24 - SUBJECT ADDED ENTRY--TOPICAL TERM | |
| Topical term or geographic name entry element | ESTATES GAZETTE LONDON OFFICES MARKET ANALYSIS |
| 651 #4 - SUBJECT ADDED ENTRY--GEOGRAPHIC NAME | |
| Geographic name | LONDON |
| 690 ## - LOCAL SUBJECT ADDED ENTRY--TOPICAL TERM (OCLC, RLIN) | |
| Topical term or geographic name as entry element | PROPERTY-COMMERCIAL PROPERTY-OFFICE PROPERTY-OFFICE PROPERTY MARKET |
| 942 ## - ADDED ENTRY ELEMENTS (KOHA) | |
| Suppress in OPAC | 0 |
| Withdrawn status | Lost status | Source of classification or shelving scheme | Damaged status | Not for loan | Home library | Current library | Shelving location | Date acquired | Total Checkouts | Full call number | Barcode | Date last seen | Copy number | Price effective from | Koha item type |
|---|---|---|---|---|---|---|---|---|---|---|---|---|---|---|---|
| Dewey Decimal Classification | London | London | Journal article | 25/04/2007 | L137713 | 137713-1001 | 06/08/2019 | 1 | 06/08/2019 | Journal article |